000 00892nam a2200241 a 4500
001 80849
003 BD-RjUL
005 20230616193906.0
008 221127s2001 BG a|||| m||| 00| 0 eng d
035 _a(BD-RjUL)80849
040 _aBD-RjUL
_beng
_cBD-RjUL
_dBD-RjUL
041 _aeng
082 _223
_a583.46
_bSII 2001
100 _aSikdar, Biswanth
_96031
245 1 0 _aINDUCTION AND COMPARISON OF INDUCED AND NATURAL POLYPLOIDS OF MOMORDICA DIOICA /
_cSubmitted By Biswanath Sikdar ;
_6Supervision : O. I. Joarder
260 _aRajshahi :
_bDepartment of Botany, University of Rajshahi,
_c2001.
300 _a[8], ii, 170 leaves :
_bill.;
_c29 cm.
502 _aThesis (M.Phil.)-- Department of Botany, University of Rajshahi,2001
504 _aReferences : Leaves 163-170
650 _aMagnoliopsida
_xFagales
_96032
700 _aJoarder, O. I. Supervision
_96033
942 _2ddc
_cTHE
999 _c80849
_d80849